UBT Library

Life : (Record no. 39844)

000 -LEADER
fixed length control field 00884cam a2200241 a 4500
001 - CONTROL NUMBER
control field 11984908
005 - DATE AND TIME OF LATEST TRANSACTION
control field 20180109035334.0
008 - FIXED-LENGTH DATA ELEMENTS--GENERAL INFORMATION
fixed length control field 000425s2000 maua c 001 0 eng
010 ## - LIBRARY OF CONGRESS CONTROL NUMBER
LC control number 00032877
020 ## - INTERNATIONAL STANDARD BOOK NUMBER
International Standard Book Number 0316815896
020 ## - INTERNATIONAL STANDARD BOOK NUMBER
International Standard Book Number 0316815772 (Scholastic ed.)
040 ## - CATALOGING SOURCE
Original cataloging agency DLC
Transcribing agency DLC
Modifying agency DLC
041 ## - LANGUAGE CODE
Language code of text/sound track or separate title eng
042 ## - AUTHENTICATION CODE
Authentication code lcac
080 ## - UNIVERSAL DECIMAL CLASSIFICATION NUMBER
Universal Decimal Classification number 909.82 STO
082 00 - DEWEY DECIMAL CLASSIFICATION NUMBER
Classification number 909.82 STO
Edition number 21
100 ## - Rafti
Rafti 16
101 ## - Shkurtesa
Shkurtesa HIS
245 00 - TITLE STATEMENT
Title Life :
Statement of responsibility, etc edited by Richard B. Stolley ; adapted by Amy E. Sklansky.
906 ## - LOCAL DATA ELEMENT F, LDF (RLIN)
a 7
b cbc
c orignew
d 1
e ocip
f 20
g y-gencatlg
942 ## - ADDED ENTRY ELEMENTS (KOHA)
Source of classification or shelving scheme
Item type Books
Holdings
Withdrawn status Lost status Source of classification or shelving scheme Damaged status Not for loan Permanent location Current location Date acquired Total Checkouts Full call number Barcode Date last seen Price effective from Koha item type
          UBT - Lipjan UBT - Lipjan 01/09/2018   909.82 STO 002-2995006 01/09/2018 01/09/2018 Books
UBT Library © 2015-2024. All rights reserved University Education for Business and Technology